| 000 | 00758nam a22002057a 4500 | ||
|---|---|---|---|
| 999 |
_c3485 _d3485 |
||
| 003 | AR-CdUCM | ||
| 008 | 190306b ||||| |||| 00| 0 spa d | ||
| 040 |
_aMUNICIPALIDAD PROVINCIAL DEL CUSCO _cBIBLIOTECA MUNICIPAL DEL CUSCO |
||
| 082 |
_a860 / _bV37 |
||
| 100 |
_aVegas García, Irene _911460 |
||
| 245 |
_aTrilce : _bestructura de un nuevo lenguaje / |
||
| 260 |
_aLima : _bPontificia Universidad Católica del Perú, Fondo Editorial, _c1982. |
||
| 300 |
_a343 páginas ; _c20 cm. |
||
| 505 | _aIntroducción -- Planteamiento de las desviaciones -- Nivel Fónico -- Nivel semántico -- Reducción de las desviaciones,,, | ||
| 650 |
_aPoesía _9139 |
||
| 650 |
_aEnsayo _9274 |
||
| 650 |
_aCesar Vallejo _911461 |
||
| 942 |
_2ddc _cLIBROS |
||
| 945 | _admma | ||